Online
Catalog

Documentos sobre política lingüistica en hispanoamaerica (1492-1800) : / (Record no. 5228)

MARC details
000 -CABECERA
campo de control de longitud fija 00779nam a2200205 a 4500
001 - NÚMERO DE CONTROL
campo de control 000005428
005 - FECHA Y HORA DE LA ÚLTIMA TRANSACCIÓN
campo de control 20200929151657.0
008 - DATOS DE LONGITUD FIJA--INFORMACIÓN GENERAL
campo de control de longitud fija 090819s1991 sp a r 001 0 spa d
020 ## - NÚMERO INTERNACIONAL ESTÁNDAR DEL LIBRO
Número Internacional Estándar del Libro 8400072340
040 ## - FUENTE DE LA CATALOGACIÓN
Centro catalogador/agencia de origen DO-SdBNP
Lengua de catalogación spa
Centro/agencia transcriptor BNPHU
082 ## - NÚMERO DE LA CLASIFICACIÓN DECIMAL DEWEY
Número de clasificación xxx
Número de documento/Ítem D637s
245 00 - MENCIÓN DE TÍTULO
Título Documentos sobre política lingüistica en hispanoamaerica (1492-1800) : /
Mención de responsabilidad, etc. compilación, estudios preliminar y edición de Francisco Solano.
260 ## - PUBLICACIÓN, DISTRIBUCIÓN, ETC.
Lugar de publicación, distribución, etc. Madrid :
Nombre del editor, distribuidor, etc. Consejo Superior de Investigaciones Científicas,
Fecha de publicación, distribución, etc. 1991.
300 ## - DESCRIPCIÓN FÍSICA
Extensión 294 p. :
Otras características físicas il. ;
Dimensiones 25 cm.
490 1# - MENCIÓN DE SERIE
Mención de serie Tierra nueva e cielo nuevo
Designación de volumen o secuencia 32
500 ## - NOTA GENERAL
Nota general V centenario del descubrimiento de América
500 ## - NOTA GENERAL
Nota general Incluye índice análitico
700 1# - PUNTO DE ACCESO ADICIONAL--NOMBRE DE PERSONA
Nombre de persona Solano, Francisco,
Término indicativo de función/relación ed.
9 (RLIN) 8819
830 #0 - PUNTO DE ACCESO ADICIONAL DE SERIE-TÍTULO UNIFORME
Título uniforme Tierra nueva e cielo nuevo
Número de parte o sección de la obra 32
9 (RLIN) 15415
Holdings
Estado de retiro Estado de pérdida Restricciones de uso No para préstamo Código de colección Localización permanente Ubicación/localización actual Ubicación en estantería Fecha de adquisición Número de inventario Total de préstamos Signatura topográfica completa Código de barras Fecha visto por última vez Precio válido a partir de Tipo de ítem Koha
      Excluido de préstamo Monografías: Libros y Folletos General General Depósito 19.08.2009 LF1   xxx D637s 5428-10 25.06.2020 25.06.2020 No se presta

Powered by Koha